| 000 | 00843nam a2200265Ia 4500 | ||
|---|---|---|---|
| 003 | OSt | ||
| 005 | 20221005092845.0 | ||
| 006 | a|||||r|||| 00| 0 | ||
| 007 | ta | ||
| 008 | 221004b |||||||| |||| 00| 0 eng d | ||
| 020 |
_a0791454266 _c1043.10 |
||
| 024 | _a96242 | ||
| 037 |
_b081, 31/10/2008, Insat Books & Perodicals _cTextual |
||
| 040 |
_aCRL _cCRL _beng |
||
| 041 |
_2eng _aeng |
||
| 082 | _aQ0aY15, P2.6 | ||
| 100 | _aSharma Arvind Ed. | ||
| 245 | 0 | _aAnnual review of women in world religions | |
| 260 |
_aNew York _bState University of New Press U.S.A _c2002 |
||
| 300 |
_a296p. _ccm. |
||
| 650 | _aRELIGION | ||
| 700 |
_a Young Katherine K. Ed. _9617850 |
||
| 942 |
_hQ0aY15, P2.6 _cTEXL _2cc |
||
| 999 |
_c999480 _d999480 |
||